| 000 | 00823nam a2200217Ia 4500 | ||
|---|---|---|---|
| 003 | OSt | ||
| 005 | 20241109103957.0 | ||
| 008 | 210210b1983 xxu||||| |||| 00| 0 eng d | ||
| 040 | _cAL | ||
| 041 | _aKannada | ||
| 082 | _a954.871K KUSD | ||
| 100 |
_aChinnappa Gowda K MATTU CHINNAPPA GOWDA (K). _dಕುಶಾಲಪ್ಪ ಗೌಡ ಕೆ & ಚಿನ್ನಪ್ಪ ಗೌಡ ಕೆ _9150796 |
||
| 245 |
_aDakshina Kannada jilleya Kaifiyattugalu _bದಕ್ಷಿಣ ಕನ್ನಡ ಜಿಲ್ಲೆಯ ಕೈಫಿಯತ್ತುಗಳು |
||
| 260 |
_aMangaluru. _bPustaka Prakashana _c1983 |
||
| 300 | _aviii,27243 | ||
| 650 |
_aLocal Records To Dakshina Kannada _9183700 |
||
| 650 |
_aMeckanzie Collections _9183701 |
||
| 690 |
_aSouth Kanara /South Canara _9150802 |
||
| 906 | _aSG02366 | ||
| 942 |
_2ddc _cBK |
||
| 999 |
_c113441 _d113441 |
||